Riadiaci proces technologickej úpravy vôd s návrhom využitia odpadovej vody
Saved in:
| Main Author: | |
|---|---|
| Other Authors: | |
| Format: | Manuscript Book |
| Language: | Slovak |
| Published: |
2016
|
| Subjects: | |
| Online Access: | http://is.stuba.sk/zp/portal_zp.pl?podrobnosti=118924 |
| Tags: |
No Tags, Be the first to tag this record!
|
MARC
| LEADER | 00000ntm a22000003a 4500 | ||
|---|---|---|---|
| 001 | stuzp55453 | ||
| 003 | SK-STU | ||
| 005 | 20160719154752.7 | ||
| 007 | ta | ||
| 008 | 150427s2015----xo-----f-mn---000-0-slo-d | ||
| 040 | |a STU |b slo | ||
| 041 | 0 | |a slo | |
| 100 | 1 | |a Plavák, Lukáš |u 066000 |k Z4 |4 aut |U MTF Materiálovotechnologická fakulta |T MTF Ústav aplikovanej informatiky, automatizácie a mechatroniky |X 58813 |U M6000 |Y 86 |7 A000058813 | |
| 242 | 0 | 1 | |a Control process of water treatment technology with proposal for the use of wastewater |y eng |
| 245 | 1 | 0 | |a Riadiaci proces technologickej úpravy vôd s návrhom využitia odpadovej vody |
| 260 | |c 2016 | ||
| 650 | 4 | |a Ionex |2 slo | |
| 650 | 4 | |a pH |2 slo | |
| 650 | 4 | |a Regulátor |2 slo | |
| 650 | 4 | |a pH sonda |2 slo | |
| 650 | 4 | |a Ionex |2 eng | |
| 650 | 4 | |a pH |2 eng | |
| 650 | 4 | |a pH probe |2 eng | |
| 650 | 4 | |a Regulator |2 eng | |
| 700 | 1 | |a Vančo, Peter |4 ths |X 31891 |7 31891 | |
| 856 | 4 | |u http://is.stuba.sk/zp/portal_zp.pl?podrobnosti=118924 | |
| 996 | |c M* DP-12980 |l MMSKP |s P |a 0 |w stuzp55453_0001 | ||
| SQL | |a stuzp55453 |b DDP |c SLO |d Riadiaci proces technologickej úpravy vôd s návrhom využitia odpadovej vody |e 58813 |f Plavák, Lukáš |g 066000 |h 31891 |i Vančo, Peter |j 20160601 |k 965 |l 06 |m http://is.stuba.sk/zp/portal_zp.pl?podrobnosti=118924 |n I-AIPP |o 5.2.14. automatizácia | ||